000 00670cab a2200229 4500
001 WB3329-32
008 090401t1997 xxu||||| |||| 00| 0 eng d
035 _a(Sirsi) u79854
041 _aeng
245 _aNeighbours from hell
260 _c1997
350 _a0
490 _aHerald
_v23 July 1997, 2.27(1)
520 _aThe latest "Moving Intentions Survey" from Legal & General reveals that one in ten families in Britain move home to get away from their neighbours.
650 _aHOUSING MARKET
650 _aMOVING HOUSE
650 _aMOVING INTENTIONS SURVEY
650 _aNOISY NEIGHBOURS
690 _aHOUSING
942 _n0
948 _c24/07/1997
999 _c50248
_d50248